Prognozowanie wielkości drgań pochodzączych od upadku dużych mas - uwagi i spostrzeżenia

Bibliographic Details
Main Authors: Lewicki, Józef (Author), Krzyworączka, Pawel (Author)
Format: Article
Language:Polish
PhysicalDescription:Tab.
ISBN:9788096874897
Subjects:

MARC

LEADER 00000nab a2200000 ar4500
001 vtls010092430
003 SK-MaSNL
005 20260303093753.0
008 100506|2009 xo |||||||||||100 b|pol
015 |a SNBRA2010/05  |2 snkbucl 
038 |a SNKBUCL 
040 |a SNKBUCL  |b slo  |c SNKBUCL  |e AACR2 
041 0 |a pol  |b slo  |b eng 
044 |a xo  |c SK 
080 |a 69.059.62:624.131.55  |2 2001 
080 |a 69.032.22  |2 2001 
080 |a 624.131.55  |2 2001 
100 1 |a Lewicki, Józef  |4 aut  |9 953689 
245 1 0 |a Prognozowanie wielkości drgań pochodzączych od upadku dużych mas - uwagi i spostrzeżenia  |c Józef Lewicki, Pawel Krzyworączka 
246 3 1 |a Prognózovanie veľkosti otrasov pochádzajúcich od pádu hornín veľkej hmotnosti - úvahy a postrehy 
300 |b Tab. 
504 |a Bibliogr. odkazy 
546 |a Res. angl., poľ., slov. 
650 0 7 |a vysoké stavby  |2 snkbucl  |9 1105336 
650 0 7 |a demolácia stavieb  |2 snkbucl  |9 74821 
650 0 7 |a otrasy  |2 snkbucl  |9 1105337 
655 7 |a prednášky  |2 SNKPH  |9 70554 
700 1 |a Krzyworączka, Pawel  |4 aut  |9 1105338 
773 0 |t Trhacia technika 2009  |d Banská Bystrica : Slovenská spoločnosť pre trhacie a vŕtacie práce, 2009  |g S. 139-149  |z 9788096874897 
852 |a SNK  |b KIS3GCP 
958 |a NB 
999 |c 1817092  |d 1819022